Municipios de Cantabria - Estadísticas

Estadísticas generales
  • Esta prueba ha sido intentada 2 veces
  • La puntuación promedio es 64 de 102
Estadísticas de respuestas
Municipio % Correcto
Ampuero
100%
Arredondo
100%
Cabezón de la Sal
100%
Camargo
100%
Castro-Urdiales
100%
Colindres
100%
Comillas
100%
El Astillero
100%
Hazas de Cesto
100%
Laredo
100%
Liendo
100%
Liérganes
100%
Los Corrales de Buelna
100%
Meruelo
100%
Miengo
100%
Noja
100%
Piélagos
100%
Potes
100%
Ramales de la Victoria
100%
Rasines
100%
Reinosa
100%
Ruente
100%
Santander
100%
Santillana del Mar
100%
Santoña
100%
San Vicente de la Barquera
100%
Saro
100%
Suances
100%
Torrelavega
100%
Vega de Pas
100%
Alfoz de Lloredo
50%
Anievas
50%
Arenas de Iguña
50%
Argoños
50%
Arnuero
50%
Bárcena de Cicero
50%
Bárcena de Pie de Concha
50%
Bareyo
50%
Cabezón de Liébana
50%
Cabuérniga
50%
Camaleño
50%
Campoo de Enmedio
50%
Campoo de Yuso
50%
Cartes
50%
Castañeda
50%
Cieza
50%
Cillorigo de Liébana
50%
Corvera de Toranzo
50%
Entrambasaguas
50%
Escalante
50%
Guriezo
50%
Hermandad de Campoo de Suso
50%
Herrerías
50%
Las Rozas de Valdearroyo
50%
Limpias
50%
Los Tojos
50%
Luena
50%
Mazcuerras
50%
Miera
50%
Molledo
50%
Penagos
50%
Peñarrubia
50%
Pesaguero
50%
Pesquera
50%
Polaciones
50%
Polanco
50%
Puente Viesgo
50%
Reocín
50%
Ribamontán al Mar
50%
Ribamontán al Monte
50%
Rionansa
50%
Riotuerto
50%
Ruesga
50%
Ruiloba
50%
San Felices de Buelna
50%
San Miguel de Aguayo
50%
San Pedro del Romeral
50%
San Roque de Riomiera
50%
Santa Cruz de Bezana
50%
Santa María de Cayón
50%
Santiurde de Reinosa
50%
Santiurde de Toranzo
50%
Selaya
50%
Solórzano
50%
Tresviso
50%
Tudanca
50%
Udías
50%
Valdáliga
50%
Valdeolea
50%
Valdeprado del Río
50%
Valderredible
50%
Val de San Vicente
50%
Valle de Villaverde
50%
Vega de Liébana
50%
Villacarriedo
50%
Villaescusa
50%
Villafufre
50%
Voto
50%
Lamasón
0%
Marina de Cuyedo
0%
Medio Cuyedo
0%
Soba
0%
No se encontraron pruebas coincidentes
Distribución de puntuación
Porcentaje de gente con cada puntuación
Porcentaje por número respondido
Historial de tus puntuaciones
No has intentado esta prueba.